Terzo cielo /

Uloženo v:
Podrobná bibliografie
Hlavní autoři: Piangerelli, Luigi (Autor), Ventura, Stefano (Autor)
Médium: Kniha
Jazyk:italština
Vydáno: Roma : Sensibili alle Foglie, 1995
Edice:Collana verde ; 20
Témata:
Tagy: Přidat tag
Žádné tagy, Buďte první, kdo vytvoří štítek k tomuto záznamu!

MARC

LEADER 00000nam a22000007i 4500
001 IT\ICCU\RAV\0254872
003 ItRI
005 20260115231946.0
008 950523s1995 it |||||| ||||| |||||c
020 |a 8886323417 
040 |b ita  |c importazione bologna sebina 
041 7 |a ita  |2 ISO-639-2 
082 |a 306.766  |9 OMOSESSUALITA  |2 20 
100 1 |a Piangerelli, Luigi  |0 IT\ICCU\RAVV\092305  |4 aut 
245 1 0 |a Terzo cielo /  |c Luigi Piangerelli, Stefano Ventura. 
260 |a Roma :  |b Sensibili alle Foglie,  |c 1995 
300 |a 156 p. ;  |c 22 cm. 
650 7 |a Omosessuali  |x Italia  |x Testimonianze  |2 scbi 
700 1 |a Ventura, Stefano  |0 IT\ICCU\REAV\084719  |4 aut 
830 0 |a Collana verde ;  |v 20  |0 IT\ICCU\LO1\0307951 
942 |2 ddc  |c BK  |n 0 
952 |0 0  |1 0  |4 0  |6 DOC_305_320000000000000_PIA  |7 0  |9 17841  |a BO  |b BO  |d 2026-01-15  |i 3360  |l 0  |o DOC 305.32 PIA  |p BO3360  |r 2026-01-15 23:19:46  |w 2026-01-15  |x [Sebina 5] [1 v.]  |y BK  |z 1 v. 
999 |c 15178  |d 15178